[Event "EU-ch (Women) 11th"]
[Site "Rijeka"]
[Date "2010.03.12"]
[Round "7"]
[White "Galojan, Lilit"]
[Black "Socko, Monika"]
[Result "1/2-1/2"]
[WhiteElo "2380"]
[BlackElo "2465"]
[Annotator "CB"]
[PlyCount "76"]
[EventDate "2010.03.06"]
[EventType "swiss"]
[EventRounds "11"]
[EventCountry "CRO"]
[SourceTitle "CBM 135 Extra"]
[Source "ChessBase"]
[SourceDate "2010.05.04"]
[SourceVersion "1"]
[SourceVersionDate "2010.05.04"]
[SourceQuality "1"]

1. d4 Nf6 2. c4 e6 3. Nc3 Bb4 4. Qc2 O-O 5. a3 Bxc3+ 6. Qxc3 d6 7. Bg5 Nbd7 8.
e3 b6 9. Ne2 Ba6 10. Qc2 c5 11. Rd1 Qc7 12. Qa4 Bb7 13. Nc3 a6 14. Qc2 h6 15.
Bh4 Rac8 16. Qd2 Qb8 17. f3 Rfe8 18. Be2 d5 19. cxd5 exd5 20. Bg3 Qa7 21. O-O
c4 22. a4 Bc6 23. Ra1 Qb7 24. b4 b5 25. axb5 axb5 26. Ra5 Ra8 27. Rfa1 Nb6 28.
Bd6 Na4 29. Nxa4 bxa4 30. Bd1 Nd7 31. Qc3 Bb5 32. Bc2 Re6 33. Bg3 Rea6 34. e4
Nf6 35. e5 Nd7 36. Rxa6 Rxa6 37. f4 Qa7 38. Ra3 {#} Nb8 {Here the players
shook hands, though frankly it is a mystery why White would agree to it. With
39.f5, threatening f6 and opening Black's postion to the power of White's
heavy artillery, there was certainly no reason not to play on and see what
Socko had in reply. A line illustrating the possibilities might go} (38... Nb8
39. f5 Nc6 40. Bf2 Ne7 41. f6 gxf6 42. Qg3+ Ng6 (42... Kf8 43. exf6 Rxf6 44.
Qe5) 43. Bxg6 fxg6 44. Qxg6+ Qg7 45. Qh5 {threatening Rg3}) 1/2-1/2

[Event "Nanjing FIDE GP (Women)"]
[Site "Nanjing"]
[Date "2009.09.28"]
[Round "1"]
[White "Mkrtchian, Lilit"]
[Black "Kovanova, Baira"]
[Result "1/2-1/2"]
[WhiteElo "2468"]
[BlackElo "2408"]
[Annotator "CB"]
[PlyCount "77"]
[EventDate "2009.09.28"]
[EventType "tourn"]
[EventRounds "11"]
[EventCountry "CHN"]
[EventCategory "8"]
[SourceTitle "CBM 132 Extra"]
[Source "ChessBase"]
[SourceDate "2009.11.03"]
[SourceVersion "1"]
[SourceVersionDate "2009.11.03"]
[SourceQuality "1"]

1. d4 Nf6 2. c4 e6 {Lilit and Baira have played two times before and in both
Lilit was white. The girls remain faithful to the two previous games} 3. Nc3
Bb4 4. Qc2 (4. e3 O-O 5. Bd3 d5 6. a3 Bxc3+ 7. bxc3 c5 8. cxd5 exd5 9. Ne2 c4
10. Bc2 Re8 11. f3 Nh5 12. O-O f5 13. Rb1 Nc6 14. e4 fxe4 15. fxe4 dxe4 16. Rb5
Nf6 17. Bg5 a6 18. Rc5 Rf8 19. Ng3 h6 20. Bxf6 Rxf6 21. Nxe4 Rxf1+ 22. Qxf1 Be6
23. Qf4 Nxd4 24. cxd4 Qxd4+ 25. Qf2 Qa1+ 26. Qf1 Qd4+ 27. Qf2 Qa1+ 28. Qf1 Qd4+
{1/2-1/2 Mkrtchian,L (2402)-Kovanova,B (2346)/Vladimir RUS}) 4... O-O 5. a3
Bxc3+ 6. Qxc3 d6 7. Bg5 Re8 8. e3 e5 9. Bd3 h6 10. Bh4 e4 (10... Qe7 11. Ne2 e4
12. Bc2 c6 13. O-O Bg4 14. Bxf6 Qxf6 15. Ng3 d5 16. Rac1 Nd7 17. cxd5 cxd5 18.
Ba4 Red8 19. Qa5 Nb6 20. Bb3 Qd6 21. Rc2 {1/2-1/2 Issakainen Ari-Välkesalmi
Kimmo/It 1/2-1/2 Issakainen Ari-Välkesalmi Kimmo/It}) 11. Bc2 c6 12. Ne2 Nbd7
13. Qd2 Nb6 14. b3 d5 15. c5 Nbd7 16. b4 a5 17. b5 $1 {white needs to create
some space for the two bishops to work and this temporrary pawn sacrifice
starts to move things on the board} cxb5 18. Nc3 b6 $1 {Baira responds
correctly although white has a good position here} 19. c6 Nf8 20. Bb3 Ng6 21.
Bxf6 {Maybe, better was} (21. c7 $1 Qxc7 22. Bxf6 gxf6 (22... Be6 $5 23. Be5
Nxe5 24. dxe5 b4 25. axb4 axb4 26. Rxa8 Rxa8 27. Nd1 Qxe5 28. Qxb4 Qg5 $44) 23.
Bxd5 Rb8 24. Rc1 f5 25. Nxb5 $14) 21... Qxf6 22. Nxd5 Qd6 (22... Qxc6 {was
also possible here} 23. Rc1 Qe6 $1 24. Nc7 Qxb3 25. Nxe8 Nh4 26. O-O Qxa3 27.
Nc7 Rb8 {with unclear play}) 23. Nxb6 $14 Rb8 24. Nxc8 Rbxc8 25. Qxa5 Nh4 26.
Kf1 (26. Qxb5 Qg6 27. Kd2 Qxg2 28. Bxf7+ $1 Kxf7 29. Qh5+ Kg8 $1 (29... Ng6 30.
Qf5+ Kg8 31. Rag1 $18) 30. Qxh4 Rf8 31. Rhf1 Qg6 {and the weak white squares
give black adequate compensation}) 26... Qxc6 27. g3 Nf3 {now black has
achieved a dynamic equilibrium and white must be careful in consolidating her
king-side} 28. Kg2 Qd7 29. h4 Qf5 30. Bd1 Re6 31. a4 Rf6 32. Ra2 Rc1 33. Qxb5
Qg4 34. Qe2 Rxd1 35. Qxd1 Nxh4+ 36. Kh2 Nf3+ 37. Kg2 Nh4+ 38. Kh2 Nf3+ 39. Kg2
1/2-1/2

[Event "Nanjing FIDE GP (Women)"]
[Site "Nanjing"]
[Date "2009.10.05"]
[Round "7"]
[White "Zhu, Chen"]
[Black "Kovanova, Baira"]
[Result "1-0"]
[WhiteElo "2488"]
[BlackElo "2408"]
[Annotator "CB"]
[PlyCount "73"]
[EventDate "2009.09.28"]
[EventType "tourn"]
[EventRounds "11"]
[EventCountry "CHN"]
[EventCategory "8"]
[SourceTitle "CBM 132 Extra"]
[Source "ChessBase"]
[SourceDate "2009.11.03"]
[SourceVersion "1"]
[SourceVersionDate "2009.11.03"]
[SourceQuality "1"]

1. d4 Nf6 2. c4 e6 3. Nc3 Bb4 4. Qc2 O-O 5. a3 Bxc3+ 6. Qxc3 d6 7. f3 Nh5 8.
Nh3 (8. g3 f5 9. Nh3 Qe8 10. b3 e5 11. Bb2 Nc6 12. d5 Nd8 13. f4 Nf7 14. Bg2
Bd7 15. O-O Qe7 16. e3 Nf6 17. Nf2 c6 18. Rac1 e4 19. dxc6 bxc6 20. g4 Rfb8 21.
Rfd1 a5 22. gxf5 Bxf5 23. Qc2 Re8 24. Rd2 Ra7 25. Nh1 Nh6 {0-1 Ivanchuk,V 
(2714)-Nikolic,P (2633)/Monte Carlo MNC 1999 (34)}) (8. g4 Qh4+ 9. Kd1 Nf6 10.
Nh3 h6 11. g5 e5 12. gxf6 Bxh3 13. fxg7 Re8 14. Bxh3 Qxh3 15. Qe3 Nd7 16. d5
Kxg7 17. Bd2 Kh7 18. Kc2 Rg8 19. Rhg1 a6 20. b4 Rg6 21. Qd3 Rag8 22. Rg3 Qh5
23. f4 f5 24. Rh3 Qg4 {1/2-1/2 Timman,J (2655)-Nikolic,P (2659)/Wijk aan Zee
2000 (27)}) 8... f5 (8... e5 9. Nf2 exd4 10. Qxd4 Nc6 11. Qd5 Ne5 12. e3 c5 13.
Be2 Be6 14. Qxb7 Nxc4 15. Qa6 Qa5+ 16. Qxa5 Nxa5 17. Bd2 Nc4 18. Bxc4 Bxc4 19.
Ne4 {1/2-1/2 Hjorth,S-Hernod,B/corr 1974 (30)}) 9. Nf2 Nc6 10. b3 e5 11. d5 Ne7
12. e3 $1 {of course white must keep the structure fluid} Kh8 {Black is fine
but should start think of slightly more active play} (12... c6 $5) 13. Bb2 f4
14. e4 b6 15. b4 a5 16. c5 $1 {the problems with such positions is that whilst
black has no intrinsic weakness as such, the passivity of such a position
means that you have to be a dour defender} Ng6 17. Rc1 axb4 18. axb4 bxc5 (
18... Ba6 19. cxd6 cxd6 20. Bxa6 Rxa6 21. O-O {favours white here}) 19. bxc5
Bd7 (19... Nh4 $5 $11) 20. Ba3 Qg5 $5 {black offers the sacrifice of a pawn
but in reality would get too much counterplay} 21. Rg1 (21. cxd6 cxd6 22. Bxd6
Rfc8 23. Qb2 Rxc1+ 24. Qxc1 Nh4 {with compensation}) 21... Nh4 22. c6 {the
pawn structure is quite unique. It would be interesting to find out if there
are any games with a pawn also on b7!} Bc8 23. Rb1 h6 24. Bc1 Qe7 {if black
sits on the position, I cannot really imagine how white would make progress}
25. Ra1 Rb8 26. Ra7 Rb6 (26... Rf7) 27. Kd1 {white wants to remove any checks
with tempo so takes the opportunity for these sort of moves} Ng6 28. Bd2 $5 {
this threatens Ba5 in some lines} Kh7 $6 (28... Qd8) 29. Kc2 $6 (29. Qc2 $1 Qh4
30. Ke1 $1 Rb8 31. Ba5 Rf7 32. Bxc7 Rb4 33. Be2 $16) 29... Nf6 30. Bc4 Ne8 31.
Be1 {not the best} (31. Ra8 Nf6 32. Qd3 $16) 31... Rb8 32. Nd1 Qg5 (32... Nh4)
33. Bf2 h5 34. Ra1 (34. Ra4 $1 Qe7 35. Qa5 {and black will have no squares for
the rook on b8}) 34... Ne7 35. Qa5 Qf6 36. Ra4 g5 37. Qa7 1-0

[Event "RUS-ch (Women) 63rd"]
[Site "Nizhnij Novgorod"]
[Date "2013.10.11"]
[Round "6"]
[White "Gunina, Valentina"]
[Black "Kovanova, Baira"]
[Result "1-0"]
[WhiteElo "2506"]
[BlackElo "2396"]
[Annotator "CB"]
[PlyCount "77"]
[EventDate "2013.10.05"]
[EventType "tourn"]
[EventRounds "9"]
[EventCountry "RUS"]
[EventCategory "8"]
[SourceTitle "CBM 156 Extra"]
[Source "ChessBase"]
[SourceDate "2013.10.22"]
[SourceVersion "1"]
[SourceVersionDate "2013.10.22"]
[SourceQuality "1"]

1. d4 Nf6 2. c4 e6 3. Nc3 Bb4 4. Qc2 O-O 5. Nf3 ({Öfter wird} 5. a3 {gewählt.
}) 5... d5 (5... c5 6. dxc5 Na6 7. g3 Nxc5 8. Bg2 Nce4 9. O-O Bxc3 10. bxc3 d5
11. Ng5 Nd6 12. cxd5 exd5 13. Rd1 Bf5 14. Qb3 h6 15. Nh3 Bxh3 16. Bxh3 Re8 17.
Bg2 Rxe2 18. Bxd5 Nxd5 19. Qxd5 Qf6 20. Bf4 Ne4 21. Qd3 Nxc3 22. Rac1 Nxd1 23.
Qxe2 Nc3 24. Qc4 {1-0 (24) Mamedyarov,S (2761)-Topalov,V (2767) Beijing 2013})
6. cxd5 (6. a3 Bxc3+ 7. Qxc3 dxc4 8. Qxc4 b6 9. Bg5 Ba6 10. Qc2 Nbd7 11. e4
Bxf1 12. Rxf1 h6 13. Bxf6 Nxf6 14. O-O-O Qe7 15. Ne5 c5 16. dxc5 Qc7 17. f4
bxc5 18. Nc4 Rad8 19. e5 Rxd1+ 20. Rxd1 Nd5 21. Qe4 Rb8 22. f5 Qe7 23. Qg4 exf5
24. Qxf5 Qh4 25. g4 Ne7 26. Qd7 Qg5+ 27. Kb1 Qg6+ 28. Ka1 Qc2 29. Qd3 Qxh2 30.
Qd6 Rb7 31. e6 Qxd6 32. Nxd6 Rb6 33. exf7+ Kf8 34. Kb1 Rc6 35. Kc2 Ng6 36. Rd5
Nf4 37. Rd2 Ne6 38. Kc3 Nd4 39. Ne4 Kxf7 40. b4 cxb4+ 41. Kxd4 bxa3 42. Ra2 Ra6
43. Nc5 Ra5 44. Kc4 a6 45. Kb4 Rb5+ 46. Kc4 Ra5 47. Kb4 {1/2-1/2 (47)
Johannessen,L (2555)-Carlsen,M (2673) Moss 2006}) 6... exd5 7. Bg5 c5 (7... h6
8. Bxf6 Qxf6 9. e3 c6 10. Ne5 Nd7 (10... c5 $5) 11. Nxd7 Bxd7 12. Be2 Bd6 13.
Bd3 g6 14. O-O Rfe8 15. Rad1 Rad8 16. Rfe1 Bg4 17. f3 Bc8 18. Qf2 Bc7 19. Kh1
Re7 20. Bc2 Rde8 21. a3 h5 22. e4 dxe4 23. Rxe4 Kg7 24. d5 Rxe4 25. Bxe4 Bb6
26. Qc2 h4 27. dxc6 bxc6 28. Na4 Bc7 29. Qc3 Be5 30. Qe3 Re6 31. Qxa7 h3 32.
gxh3 Re8 33. Rg1 Re7 34. Qc5 Bxh3 35. Nc3 Rd7 36. Ne2 Bxb2 37. Ng3 Kg8 38. Qxc6
Qxc6 39. Bxc6 Rc7 40. Bd5 Bxa3 41. Ne4 Kg7 42. Bxf7 Rxf7 43. Ng5 Bf5 44. Nxf7
Kxf7 45. Kg2 Bd6 46. Ra1 Kg7 47. Ra6 Be5 48. Ra5 Bf6 49. Ra6 Bg5 50. Ra8 Be7
51. Ra7 Kf6 52. Rb7 Bc5 53. Rb5 Be3 54. Rb3 Bh6 55. h4 Be6 56. Rb6 Bd2 57. h5
gxh5 58. f4 Kf5 59. Rxe6 Kxe6 60. f5+ {1/2-1/2 (60) Fridman,D (2629)-Leko,P 
(2737) Dortmund 2013}) 8. e3 cxd4 {Wird selten gespielt.} ({Üblicher ist} 8...
Nbd7 9. Be2 Qa5 10. O-O Bxc3 11. bxc3 Ne4 12. c4 Nxg5 13. Nxg5 Nf6 14. Nf3 Bg4
15. cxd5 cxd4 16. Nxd4 Rac8 17. Qb3 Bxe2 18. Nxe2 Qxd5 19. Rfc1 Qxb3 20. axb3
a6 21. Nf4 Rfd8 22. f3 h6 23. e4 Kf8 24. Kf1 Nd7 {1/2-1/2 (24) Ivanchuk,V 
(2768)-Alekseev,E (2659) Khanty-Mansiysk 2011}) 9. Nxd4 (9. exd4 $6 Nc6 10. Be2
Bg4 $15) 9... Nc6 10. Rd1 h6 11. Bh4 g5 12. Bg3 Ne4 13. f3 (13. Nxc6 bxc6 14.
Bd3 Bxc3+ 15. bxc3 Bf5 16. f3 Nxg3 17. hxg3 Bxd3 18. Qxd3 Qf6 19. Kf2 Rfb8 20.
Rd2 Rb6 21. g4 Rab8 22. Rc1 Rb2 23. Rxb2 Rxb2+ 24. Rc2 Rb1 25. Rd2 Rc1 26. Qd4
Kg7 27. Qxa7 Qxc3 28. Qd4+ Qxd4 29. exd4 Kf8 30. Ke3 {1/2-1/2 (30) L'Ami,E 
(2606)-Macieja,B (2618) Novi Sad 2009}) 13... Nxc3 14. bxc3 Nxd4 15. exd4 Bd6 (
15... Re8+ 16. Kf2) 16. Bd3 Re8+ 17. Kf2 Qc7 18. Qb3 Be6 19. Bb1 Rac8 20. Qc2 {
Gunina spielt gerne direkt auf Angriff.} f5 21. Bxd6 Qxd6 22. Rde1 {Es droht
Te5 und Verdoppelung auf der e-Linie.} Bd7 23. g3 b5 24. Qd2 Qc7 $6 {Danach
gerät Schwarz in die Defensive.} (24... Qa3 $5 $11) 25. Rxe8+ Bxe8 (25... Rxe8
26. h4 $40) 26. Bxf5 Qxc3 27. Qe2 $1 {Den Bauern bekommt Weiß leicht zurück.}
({Das Endspiel nach} 27. Qxc3 Rxc3 $11 {ist gleich.}) 27... Qxd4+ 28. Kg2 Rb8
29. Rd1 Qf6 (29... Qc5 $2 30. Qe6+ Bf7 31. Qxh6 $18) 30. Be6+ $6 ({Genauer war
} 30. Rxd5 b4 31. Be6+ Bf7 32. Re5 $16) 30... Bf7 31. Bxd5 Bxd5 $6 ({Einfacher
war} 31... b4 32. Bxf7+ Qxf7 33. Rd6 Re8 34. Qd2 Qc4 35. Rd8 $11) 32. Rxd5 b4
33. Qd3 {Nun bekommen die weißen Schwerfiguren die schwachen Felder am
schwarzen Königsflügel in die Hand.} Re8 34. Rd6 Re2+ 35. Kf1 (35. Qxe2 $2
Qxd6 $11) 35... Re3 $4 {Kostet den Turm, da die weiße Dame sich dem Angriff
entziehen kann.} ({Nötig war} 35... Re6 {Nach} 36. Qd5 Kf7 37. Rd7+ Kf8 38.
Rxa7 {steht Weiß bei Weitem noch nicht auf Gewinn.}) 36. Qc4+ Qf7 37. Rd8+ Kg7
38. Qd4+ Qf6 39. Rd7+ 1-0

[Event "Bundesliga 1516"]
[Site "Germany"]
[Date "2016.03.13"]
[Round "11.3"]
[White "Duda, Jan Krzysztof"]
[Black "Rodshtein, Maxim"]
[Result "1-0"]
[WhiteElo "2645"]
[BlackElo "2673"]
[Annotator "CB"]
[PlyCount "71"]
[EventDate "2015.09.18"]
[EventType "team-tourn"]
[EventRounds "15"]
[EventCountry "GER"]
[SourceTitle "CBM 172"]
[Source "ChessBase"]
[SourceDate "2016.05.12"]
[SourceVersion "1"]
[SourceVersionDate "2016.05.12"]
[SourceQuality "1"]
[WhiteTeam "Hamburger SK"]
[BlackTeam "Schwaebisch Hall"]
[WhiteTeamCountry "GER"]
[BlackTeamCountry "GER"]

1. d4 Nf6 2. c4 e6 3. Nf3 Bb4+ 4. Bd2 Qe7 5. Nc3 O-O 6. Qc2 d6 7. a3 Bxc3 8.
Bxc3 Nbd7 9. h3 b6 10. e4 e5 11. d5 Nc5 12. Nd2 Bd7 13. Be2 Ne8 14. Bg4 Nf6 15.
Bxd7 Qxd7 16. g4 a5 17. f4 Rfe8 18. fxe5 dxe5 {[#]} 19. O-O $6 {Rochiert zur
luftigen Seiten. Angst kennt Duda keine.} (19. O-O-O $11) 19... h5 20. Rf5 $5 (
20. g5 Nh7 21. Nf3 Qxh3 {gefiel Weiß nicht.}) 20... hxg4 21. Raf1 gxh3 22. b4
axb4 23. axb4 Nb7 24. Kh1 Ng4 $6 (24... Nd6 25. Rxf6 $5 (25. Rg5 Nh7) 25...
gxf6 26. Qd1 $13) 25. Qd3 Nd6 {[#]} 26. Rh5 g6 $2 (26... f6 27. Qxh3 Nf7 $11)
27. Rh4 {Der Springer hat sich verlaufen.} Kg7 28. Qg3 (28. Qf3 $5) 28... Ra3
29. Qxh3 (29. Rxg4 $2 Rxc3) 29... Nf6 {[#]} 30. Rh7+ Nxh7 (30... Kg8 31. Rh8+
Kg7 32. Qh6#) 31. Qxd7 Rxc3 32. Qxc7 Rh8 33. Kg2 Rd3 34. Rf2 Nf6 35. Qxd6 Ng4
36. Nf1 1-0

[Event "EU-ch (Women) 15th"]
[Site "Plovdiv"]
[Date "2014.07.11"]
[Round "6"]
[White "Gunina, Valentina"]
[Black "Dzagnidze, Nana"]
[Result "1-0"]
[WhiteElo "2501"]
[BlackElo "2541"]
[Annotator "CB"]
[PlyCount "61"]
[EventDate "2014.07.06"]
[EventType "swiss"]
[EventRounds "11"]
[EventCountry "BUL"]
[SourceTitle "CBM 162"]
[Source "ChessBase"]
[SourceDate "2014.09.17"]
[SourceVersion "1"]
[SourceVersionDate "2014.09.17"]
[SourceQuality "1"]

1. d4 Nf6 2. c4 e6 3. Nc3 Bb4 4. Qc2 O-O 5. a3 Bxc3+ 6. Qxc3 b6 7. Bg5 Bb7 8.
e3 d6 9. Nf3 Nbd7 10. Nd2 Rc8 11. Bd3 c5 12. O-O cxd4 13. Qxd4 $146 {A novelty
which seems to haven taken Dzagnidze by surprise.} Rc5 14. f4 h6 15. Bh4 e5 $6
{This impatient pawn sacrifice does not seem to give Black adequate
compensation. It was better to defend the pawn d6 with 15...Qc7.} 16. Qxd6 exf4
17. exf4 Qa8 18. Nf3 Rd8 {Hopes to hassle White's queen that might get trapped
in Black's camp. However, Gunina is anything but panicky.} 19. Rad1 Bxf3 ({
After} 19... Ne5 20. Qxd8+ Qxd8 21. fxe5 {White will get rook, two pieces and
a winning position for the queen.}) 20. gxf3 Re8 21. b4 Rh5 22. Bg3 Nf8 23. f5
{Black's pawn sacrifice has completely backfired. Her rook on h5 is cut off
the game, her knights struggle to find good squares, and White just threatens
to advance her passed c-pawn.} N8h7 24. c5 Rd8 25. Be4 Rxd6 26. Bxa8 Rxd1 27.
Rxd1 bxc5 28. bxc5 Rxf5 29. c6 Nd5 30. c7 Nxc7 31. Rd8+ 1-0

[Event "Vienna op"]
[Site "Vienna"]
[Date "1996.??.??"]
[Round "2"]
[White "Jelen, Igor"]
[Black "Onischuk, Alexander"]
[Result "0-1"]
[WhiteElo "2415"]
[BlackElo "2605"]
[Annotator "Chekhov,V"]
[PlyCount "68"]
[EventDate "1996.??.??"]
[EventType "swiss"]
[EventRounds "9"]
[EventCountry "AUT"]
[SourceTitle "CBM 053 Extra"]
[Source "ChessBase"]
[SourceDate "1996.09.01"]
[SourceVersion "1"]
[SourceVersionDate "1996.09.01"]
[SourceQuality "1"]

1. d4 Nf6 2. c4 e6 3. Nc3 Bb4 4. Qc2 O-O 5. a3 Bxc3+ 6. Qxc3 b6 7. Bg5 Bb7 8.
f3 h6 9. Bh4 d5 10. e3 Nbd7 11. cxd5 Nxd5 12. Bxd8 Nxc3 13. Bh4 (13. Bxc7 Nd5
14. Bd6 Nxe3 15. Kf2 Nc2 16. Rd1 Rfc8 17. Bb5 Nf6 18. Ne2 a6 19. Bd3 Nd5 20.
Rc1 Rc6 21. Rxc2 Rxd6 $10 {Olafsson,H-Polugaevsky,L/Reykjavik/1990/0,5/22/})
13... Nd5 14. Bf2 c5 (14... f5 15. Bb5 c6 16. Ba4 Rfd8 17. Ne2 c5 18. O-O-O
Rac8 19. Kb1 $14 {Gurevich,M-Garcia Ilundain,D/Linares/1995/1|0/32/}) 15. e4
Nf4 (15... Ne7 $5 16. Bb5 Nc6 17. Ne2 Rfc8 18. O-O cxd4 19. Nxd4 Nc5 $10 {
Gurevich,M-Polugaevsky,L/New York/1989/0,5/20/}) 16. Bb5 Rad8 $5 (16... Nf6 17.
Ne2 Nxe2 18. Kxe2 cxd4 19. Bxd4 Nh5 20. Be3 $14 {Gurevich,M-Van Der Wiel,J/
Antwerpen/1993/0,5/42/}) (16... Rfd8 $5 17. Ne2 Nxe2 18. Kxe2 cxd4 19. Bxd4
Rac8 20. Rac1 Nb8 21. Be3 Nc6 $10 {Brunner,L-Almasi,Z/Horgen/1995/0,5/41/}) 17.
g3 (17. Ne2 $6 Nxe2 $2 (17... Nxg2+ $1 18. Kf1 f5 19. Kxg2 fxe4 20. Nc3 e3 21.
Bxe3 Rxf3 $19) 18. Kxe2 $14) 17... Ng6 18. Rd1 (18. Ne2 f5 $1) 18... f5 19.
exf5 exf5 20. h4 (20. dxc5 Nxc5 21. Rxd8 Rxd8 $17) 20... cxd4 21. Bxd4 Nde5 22.
Be2 h5 23. Rh2 Rde8 24. Kf1 f4 $17 25. Kg2 Ng4 26. Rh3 fxg3 27. Bc4+ (27. Kxg3
Rxe2 28. Nxe2 (28. fxg4 Rg2#) 28... Rxf3+ 29. Kg2 Rd3+ $19) 27... Kh8 28. Kxg3
Nh6 29. Bd3 Nf4 30. Rh2 Nxd3 31. Rxd3 Nf5+ 32. Kh3 (32. Kf2 Rd8 33. Ne2 Ba6 $19
) 32... Bc8 33. Kg2 Rd8 34. Ne2 Ba6 {[#]} 0-1

[Event "Candidates FIDE m6"]
[Site "Wijk aan Zee"]
[Date "1994.??.??"]
[Round "6"]
[White "Lautier, Joel"]
[Black "Timman, Jan H"]
[Result "1/2-1/2"]
[WhiteElo "2625"]
[BlackElo "2620"]
[Annotator "Chekhov,V"]
[PlyCount "118"]
[EventDate "1994.01.16"]
[EventType "match"]
[EventRounds "8"]
[EventCountry "NED"]
[SourceTitle "CBM 039"]
[Source "ChessBase"]
[SourceDate "1994.04.01"]
[SourceVersion "1"]
[SourceVersionDate "1994.04.01"]
[SourceQuality "1"]

1. d4 {Dautov} Nf6 2. c4 e6 3. Nc3 Bb4 4. Qc2 O-O 5. a3 Bxc3+ 6. Qxc3 b6 7. Bg5
Bb7 (7... c5 8. dxc5 bxc5 9. e3 d6 10. Bd3 Nbd7 11. Ne2 Qb6 12. Rd1 Rb8 13. Rd2
$14 {Lautier,J-Timman,J/Wijk aan Zee(m/2)/1994/0:1 (63)/}) 8. f3 h6 9. Bh4 d5
10. e3 Nbd7 11. cxd5 (11. Bd3 Rc8 (11... dxc4 $1 12. Bxc4 Rc8) 12. cxd5 Nxd5
13. Bxd8 Nxc3 14. Be7 Rfe8 15. Bh4 Nd5 16. Bf2 c5 17. Ne2 a6 18. e4 Ne7 19. Rc1
Nc6 $10 {Olafsson,H-Polugaevsky,L/New York/1989/ Inf 47/668/}) (11. Nh3 c5 12.
cxd5 cxd4 $1 13. Qxd4 e5 14. Qd2 Bxd5 15. Nf2 Be6 $1 16. Bb5 Nc5 17. Qxd8 (17.
Qe2 $6 a6 18. Bc4 Bxc4 19. Qxc4 Qd5 20. Qxd5 Nxd5 21. Ke2 f6 $1 $15 {Kramnik,
V-Timoshenko,G/Kherson/1991/ Inf 51/554/}) 17... Rfxd8 18. b4 a6 $1 $10 {
Timoshenko/}) 11... Nxd5 $1 12. Bxd8 Nxc3 13. Bh4 (13. Bxc7 Nd5 14. Bd6 Nxe3
15. Kf2 Nc2 16. Rd1 Rfc8 17. Bb5 Nf6 18. Ne2 a6 19. Bd3 Nd5 20. g4 Rc6 $1 21.
Bf4 Nxf4 22. Nxf4 Nxd4 23. Be4 e5 24. Rhe1 exf4 25. Rxd4 Rc7 26. Bxb7 Rxb7 27.
Rxf4 $10 {Ulibin,M-Rodriguez,Am/Bayamo/1991/ Inf 51/554/}) 13... Nd5 14. Bf2 f5
(14... c5 $5 15. e4 Ne7 (15... Nf4 {Dautov} 16. Bb5 Nf6 17. Ne2 Nxe2 18. Kxe2
cxd4 19. Bxd4 Nh5 20. Be3 f5 21. exf5 Rxf5 22. Bd3 Nf4+ 23. Bxf4 Rxf4 24. Rhd1
Kf8 25. Rac1 Rd8 26. Rc7 $14 {Gurevich,M-van der Wiel/Antwerpen/1993}) 16. Bb5
Nc6 17. Ne2 Rfc8 18. O-O cxd4 19. Nxd4 Nc5 20. Nxc6 {Gurevich,M-Polugaevsky,L/
New York/1989/0.5 (20) Inf 47/669/}) 15. Bb5 $5 $146 (15. Bc4 Rac8 16. Ne2 c5
17. Bb5 Rf7 18. O-O a6 19. Bd3 b5 20. Rac1 c4 $13 {Gurevich,M-Karpov,A/Linares/
1991/0,5 (47) Inf 51/554/}) (15. Bc4 {Dautov}) 15... c6 16. Ba4 b5 (16... e5 {
Dautov} 17. Ne2 Rae8 18. O-O-O e4 19. Nc3 N7f6 20. Rhe1 $14 {->Lautier-Timman/
Wijk aan Zee m/8/1994}) 17. Bc2 (17. Bb3 $6 {Dautov} c5 18. Ne2 c4 19. Bc2 e5
20. e4 fxe4 21. fxe4 Nf4 22. Nxf4 Rxf4 23. d5 Nf6 24. g3 Rxe4+ 25. Bxe4 Nxe4
26. Rd1 Nf6 $10) 17... b4 $6 (17... c5 $2 18. dxc5 Nxc5 19. e4 $18) (17... e5
18. Ne2 $16) (17... Rac8 $5 18. b4 (18. Ne2 c5) 18... a5) (17... N7b6 {Dautov}
18. e4 (18. b3 $5) 18... fxe4 (18... Nf6 19. exf5 exf5 20. Bxf5 Rae8+ 21. Ne2
$16) 19. fxe4 Nf6 (19... Nf4 20. g3 Ng2+ 21. Ke2 Rf7 22. h4 Raf8 23. Rf1 $18 {
/\Rh2}) 20. Nf3 $16) 18. Ne2 bxa3 19. Rxa3 $16 (19. bxa3 $6 {Dautov} Ba6 20. e4
fxe4 21. fxe4 Nf4 22. Nxf4 Rxf4 23. Be3 Rg4 $132) 19... N7b6 20. Bb3 (20. e4 $6
{Dautov} fxe4 21. fxe4 Nb4 22. Bb1 a5 $132 {/\Nc4,Ba6}) 20... a5 21. Kd2 a4 22.
Ba2 Ba6 23. Rc1 Bb5 24. Bg3 Kh8 25. Nf4 (25. e4 fxe4 26. fxe4 Nf6 $13) (25. Bd6
$5 {Dautov} Rfd8 26. Bc5 Nd7 (26... e5 $2 27. dxe5 Nb4+ 28. Ke1 Nxa2 29. Rxa2
Nc4 30. e6 $16) 27. Ke1 Nxc5 28. Rxc5 Rab8 29. Bxd5 cxd5 30. Nc3 Be8 31. Ra2
$14) 25... Nxf4 26. Bxf4 Nd5 27. Be5 (27. Bd6 $1 {Dautov} Rfd8 28. Bc5 $16)
27... Rf7 28. Ra1 Kh7 29. b3 $6 (29. Bd6 $6 Rd8 30. Bc5 e5 $13) (29. Bb1 $5 Nb6
(29... Rfa7 {Dautov} 30. g4 g6 31. h3 $16) 30. Bd3 $14) 29... Rfa7 30. Bd6 (30.
Bb1 {Dautov} Ra6 31. bxa4 Rxa4) 30... axb3 (30... Ra6 31. bxa4 Rxa4 32. Bb3)
31. Bxb3 Rxa3 32. Rxa3 Rxa3 33. Bxa3 Kg6 34. e4 fxe4 35. fxe4 Nf6 36. Ke3 Kf7 (
36... Ng4+ $6 37. Kf4 Nxh2 38. Bxe6 $16) 37. Bd1 $14 Bf1 38. Bf3 g5 39. Kf2 Bd3
40. Ke3 Bf1 41. h3 Bc4 (41... h5 $6 42. e5 Nd5+ 43. Kf2) 42. Bd6 Kg6 43. g3 Ba2
44. h4 Nd7 (44... gxh4 $6 {Dautov} 45. gxh4 {/\Kf4-e5}) 45. Be7 (45. Bd1 $5 Bc4
(45... Nb6 46. Bf8 {/\h5/}) 46. hxg5 hxg5 47. Ba4 Bb5 48. Bxb5 cxb5 49. d5)
45... Kf7 46. Bd6 Kg6 (46... Bc4 $2 47. Bh5+ Kg7 48. Be8 $18) 47. Bd1 Nb6 48.
Bc7 (48. Bf8 $5 Nc4+ 49. Kf2) 48... Nc4+ 49. Ke2 Na3 50. Kd2 (50. Ba4 Nb5)
50... Bb1 51. Bf3 Ba2 52. Bd8 Nb5 53. Bb6 (53. Ke3 $5) 53... Nd6 54. Bc5 Nb5
55. Be2 Kf6 56. Kc2 $2 (56. Bd3 $5 Bb3 57. Ke3 $14) 56... Bb1+ $1 57. Kb3 (57.
Kxb1 Nc3+ 58. Kc2 Nxe2 59. hxg5+ Kxg5 $19) 57... Bxe4 58. hxg5+ hxg5 59. Bxb5
cxb5 1/2-1/2